The Spa Glossary Quiz Stats

 Plays Quiz Updated Feb 25, 2017

Support Sporcle.
Go Orange.
Score 0/25 Timer 06:00
0 Plays Today
% Correct
manicure
95.3%
sauna
94.5%
pedicure
94.3%
waxing
92.6%
Jacuzzi
92.1%
hot stone massage
89.5%
facial
87.4%
laser hair removal
87.2%
exfoliation
85%
essential oils
84.8%
isolation tank
84.7%
Swedish massage
81.5%
body wrap
79.1%
% Correct
microdermabrasion
75.9%
threading
73.2%
Shiatsu
72.8%
electrolysis
69.9%
Watsu
66.7%
Ayurvedic massage
64.9%
photo rejuvenation
63.2%
glycolic peel
62.6%
comedo extraction
62%
lymphatic drainage
43.2%
fangotherapy
32.4%
thalassotherapy
31%

You're not logged in!

Compare scores with friends on all Sporcle quizzes.
OR
Log In
Forgot?

From the Vault

Next Biggest Land Area State

by sproutcm

You shouldn't have any issues with this, the answers are all right there in front of you.
Remove Ads.
Support Sporcle.
Get the best of Sporcle when you Go Orange. This ad-free experience offers more features, more stats, and more fun while also helping to support Sporcle. Thank you for becoming a member.

Show Comments

Extras

Top Quizzes Today


Score Distribution

Your Account Isn't Verified!

In order to create a playlist on Sporcle, you need to verify the email address you used during registration. Go to your Sporcle Settings to finish the process.

Report this User

Report this user for behavior that violates our Community Guidelines.

Details: